Normal view
MARC view
- Children with disabilities
Entry Topical Term
001 - CONTROL NUMBER
- control field: 13685
003 - CONTROL NUMBER IDENTIFIER
- control field: OSt
005 - DATE AND TIME OF LATEST TRANSACTION
- control field: 20160825120355.0
008 - FIXED-LENGTH DATA ELEMENTS
- fixed length control field: 160825|| aca||babn | a|a d
040 ## - CATALOGING SOURCE
- Original cataloging agency: OSt
150 ## - HEADING--TOPICAL TERM
- Topical term or geographic name entry element: Children with disabilities
- Form subdivision: History
- General subdivision: Education
- Geographic subdivision: United States
